00602nam a2200205Ia 4500003000400000005001700004008004100021020002400062040000700086041000800093082001300101100002200114245002100136260003800157300000900195650003200204942001300236999001900249952012800268OSt20250823112613.0250729s2004 xx 000 0 und d a ‎ 978-8176485227 cAL aeng a613 NAYS aNayak A K9222022 aSports education aNew DelhibA P H Publishingc2004 a319p aPhysicall Education9222023 2ddccBED c235271d235271 00104070aALbALd2025-07-29eSita Book Houseg150.00l0o613 NAYSpBED00590r2025-07-29 16:53:52v150.00w2025-07-29yBK